A guide to forest management in West Bengal. (Record no. 89062)

MARC details
000 -LEADER
fixed length control field 01001cam a2200277 4500
001 - CONTROL NUMBER
control field sa 68019767
003 - CONTROL NUMBER IDENTIFIER
control field DLC
005 - DATE AND TIME OF LATEST TRANSACTION
control field 20260227112719.0
008 - FIXED-LENGTH DATA ELEMENTS--GENERAL INFORMATION
fixed length control field 720605s1968 ii ab 10000 eng
010 ## - LIBRARY OF CONGRESS CONTROL NUMBER
LC control number sa 68019767 //r91
025 ## - OVERSEAS ACQUISITION NUMBER
Overseas acquisition number PL480:I-E-1087
040 ## - CATALOGING SOURCE
Original cataloging agency DLC
Transcribing agency DLC
Modifying agency CU
043 ## - GEOGRAPHIC AREA CODE
Geographic area code a-ii---
050 00 - LIBRARY OF CONGRESS CALL NUMBER
Classification number SD88.W4
Item number A3 no. 13
Classification number SD646.W4
082 00 - DEWEY DECIMAL CLASSIFICATION NUMBER
Classification number 634.9/0954/14 s
-- 658/.93/49095414
110 10 - MAIN ENTRY--CORPORATE NAME
Corporate name or jurisdiction name as entry element West Bengal (India).
Subordinate unit Office of the Chief Conservator of Forests.
-- Planning and Statistical Cell.
245 12 - TITLE STATEMENT
Title A guide to forest management in West Bengal.
260 1# - PUBLICATION, DISTRIBUTION, ETC.
Place of publication, distribution, etc. [Calcutta]
Date of publication, distribution, etc. 1968.
300 ## - PHYSICAL DESCRIPTION
Extent 68 l.
Other physical details illus., map.
Dimensions 30 cm.
350 ## - PRICE (NR) (BK AM CF MU VM SE) [OBSOLETE]
Price Rs2.00
410 11 - SERIES STATEMENT/ADDED ENTRY--CORPORATE NAME [OBSOLETE, CAN/MARC], [LOCAL, USA]
Corporate name or jurisdiction name as entry element Its
Title of a work Bulletin
Volume number/sequential designation no. 13
500 ## - GENERAL NOTE
General note "Published on the occasion of Ninth Commonwealth Forestry Conference, New Delhi, 1968."
650 #0 - SUBJECT ADDED ENTRY--TOPICAL TERM
Topical term or geographic name entry element Forest management
Geographic subdivision India
-- West Bengal.
650 #0 - SUBJECT ADDED ENTRY--TOPICAL TERM
Topical term or geographic name entry element Forests and forestry
Geographic subdivision India
-- West Bengal.
711 20 - ADDED ENTRY--MEETING NAME
Meeting name or jurisdiction name as entry element British Commonwealth Forestry Conference,
Number (BK CF MP MU SE VM MX) [OBSOLETE] 9th,
Location of meeting Delhi,
Date of meeting or treaty signing 1968.

No items available.

Powered by Koha